Government and the economy

Αποθηκεύτηκε σε:
Λεπτομέρειες βιβλιογραφικής εγγραφής
Κύριος συγγραφέας: Bain, K. 1942-
Άλλοι συγγραφείς: Howells, P. G. A. 1947-
Μορφή: Βιβλίο
Γλώσσα:English
Δημοσίευση: London : New York : Longman, 1987
Σειρά:Key issues in economics and business
Θέματα:
Ετικέτες: Προσθήκη ετικέτας
Δεν υπάρχουν, Καταχωρήστε ετικέτα πρώτοι!

MARC

LEADER 00000cam a2200000 i 4500
001 1/21407
008 930908s1987 eng d
020 |a 0582296706 ((pbk.)) 
035 |l 10021710 
040 |a GR-MY-UA  |b gre  |e aacr 
041 0 |a eng 
082 0 |a 338.9  |2 (19) 
100 1 |a Bain, K.  |d 1942- 
245 1 0 |a Government and the economy /  |c K. Bain, P.G.A. Howells 
260 |a London :   |a New York :   |b Longman,   |c 1987 
300 |a x, 198 p.;  |b ill.;  |c 20 cm 
490 1 |a Key issues in economics and business 
500 |a Includes index 
504 |a Bibliography: p. 193-196 
650 0 0 |a Economic policy. 
700 1 |a Howells, P. G. A.  |d 1947- 
830 0 |a Key issues in economics and business 
852 |a INST  |b CHIOS  |e 19930908  |h 338.9 BAI  |p 005200015714  |q 005200015714  |t BK  |y 0 
909 |a Χ  |b 024917